Holding on to romance : (Record no. 50496)
[ view plain ]
| 000 -LEADER | |
|---|---|
| fixed length control field | 01106cam a2200337 a 4500 |
| 001 - CONTROL NUMBER | |
| control field | 25164867 |
| 003 - CONTROL NUMBER IDENTIFIER | |
| control field | OCLC DEDUP |
| 005 - DATE AND TIME OF LATEST TRANSACTION | |
| control field | 20211115163414.0 |
| 008 - FIXED-LENGTH DATA ELEMENTS--GENERAL INFORMATION | |
| fixed length control field | 911231r19921987caum b a 0 0 eng |
| 010 ## - LIBRARY OF CONGRESS CONTROL NUMBER | |
| LC control number | 91047722 |
| 020 ## - INTERNATIONAL STANDARD BOOK NUMBER | |
| International Standard Book Number | 0830715770 : |
| Terms of availability | $9.99 |
| 035 ## - SYSTEM CONTROL NUMBER | |
| System control number | mu 91047722 |
| 035 ## - SYSTEM CONTROL NUMBER | |
| System control number | 89550 |
| 035 ## - SYSTEM CONTROL NUMBER | |
| System control number | .b10735653MOBNE |
| 040 ## - CATALOGING SOURCE | |
| Original cataloging agency | DLC |
| Transcribing agency | DLC |
| Modifying agency | DLC |
| -- | WaOLN |
| -- | UtOrBLW |
| 100 1# - MAIN ENTRY--PERSONAL NAME | |
| Personal name | Wright, H. Norman. |
| 240 10 - UNIFORM TITLE | |
| Uniform title | <a href="Romancing your marriage.">Romancing your marriage.</a> |
| 245 10 - TITLE STATEMENT | |
| Title | Holding on to romance : |
| Remainder of title | keeping your marriage alive and passionate after the honeymoon years are over / |
| Statement of responsibility, etc | H. Norman Wright. |
| 260 ## - PUBLICATION, DISTRIBUTION, ETC. (IMPRINT) | |
| Place of publication, distribution, etc | Ventura, Calif., U.S.A. : |
| Name of publisher, distributor, etc | Regal Books, |
| Date of publication, distribution, etc | c1992. |
| 300 ## - PHYSICAL DESCRIPTION | |
| Extent | 235 pages ; |
| Dimensions | 22 cm. |
| 336 ## - CONTENT TYPE | |
| Content Type Term | text |
| Source | rdacontent. |
| 337 ## - MEDIA TYPE | |
| Media Type Term | unmediated |
| Source | rdamedia. |
| 338 ## - CARRIER TYPE | |
| Carrier Type Term | volume |
| Source | rdacarrier. |
| 500 ## - GENERAL NOTE | |
| General note | Originally published as: Romancing your marriage. 1987. |
| 504 ## - BIBLIOGRAPHY, ETC. NOTE | |
| Bibliography, etc | Includes bibliographical references. |
| 650 #0 - SUBJECT ADDED ENTRY--TOPICAL TERM | |
| Topical term or geographic name as entry element | Marriage |
| Geographic subdivision | United States. |
| 650 #0 - SUBJECT ADDED ENTRY--TOPICAL TERM | |
| Topical term or geographic name as entry element | Love. |
| 650 #0 - SUBJECT ADDED ENTRY--TOPICAL TERM | |
| Topical term or geographic name as entry element | Marriage |
| General subdivision | Religious aspects |
| -- | Christianity. |
| 650 #0 - SUBJECT ADDED ENTRY--TOPICAL TERM | |
| Topical term or geographic name as entry element | Interpersonal relations. |
| 942 ## - ADDED ENTRY ELEMENTS (KOHA) | |
| Source of classification or shelving scheme | Library of Congress Classification |
| Item type | Books |
| Withdrawn status | Lost status | Source of classification or shelving scheme | Damaged status | Not for loan | Home library | Current library | Shelving location | Date acquired | Inventory number | Total Checkouts | Full call number | Barcode | Date last seen | Price effective from | Koha item type |
|---|---|---|---|---|---|---|---|---|---|---|---|---|---|---|---|
| Library of Congress Classification | BSOP Library | BSOP Library | GC | 11/15/2021 | 14166 | HQ734 W93 1992 | 00020414 | 11/15/2021 | 11/15/2021 | Books |
